| 000 | 00888nam a2200289 a 4500 | ||
|---|---|---|---|
| 003 | AR-BaBNM | ||
| 005 | 20260425215537.0 | ||
| 007 | ta | ||
| 008 | 082120s2002 ||||||||||||||000 | spa|| | ||
| 040 | _cAR-BaBNM | ||
| 100 | 1 |
_aLinares Quintana, Segundo V. _eautor |
|
| 245 | 0 | 0 |
_aTratado de la ciencia del derecho constitucional argentino y comparado _bparte especial : la libertad constitucional, libertades particulares. 4 |
| 260 |
_aBuenos Aires _bAlfa _c1956 |
||
| 300 | _a509 p. | ||
| 500 | _aIndice p. 505-509 | ||
| 504 | _aBibliografĂa a pie de página | ||
| 650 | 4 | _aDERECHO CONSTITUCIONAL | |
| 650 | 4 | _aDERECHO COMPARADO | |
| 650 | 4 | _aLIBERTAD | |
| 650 | 4 | _aHISTORIA DEL DERECHO | |
| 650 | 4 | _aHISTORIA CONSTITUCIONAL | |
| 650 | 4 | _aDERECHO DE PROPIEDAD | |
| 650 | 4 | _aPROPIEDAD INTELECTUAL | |
| 650 | 4 | _aLEGISLACION ARGENTINA | |
| 942 |
_cBK _2ddc |
||
| 998 | _cAndrea | ||
| 999 |
_c3190 _d3190 |
||